[Event "Omsk-ch"]
[Site "Omsk"]
[Date "2015.02.25"]
[Round "9"]
[White "Pisarev, Konstantin"]
[Black "Chagasov, Oleg"]
[Result "1-0"]
[WhiteElo "1983"]
[BlackElo "1839"]
[PlyCount "75"]
[EventDate "2015.02.16"]
[EventType "swiss"]
[EventRounds "9"]
[EventCountry "RUS"]
[SourceTitle "CBM 165 Extra"]
[Source "ChessBase"]
[SourceDate "2015.04.21"]
[SourceVersion "1"]
[SourceVersionDate "2015.04.21"]
[SourceQuality "1"]

1. d4 d5 2. c4 c6 3. Nc3 Nf6 4. e3 Bf5 5. cxd5 cxd5 6. Qb3 Qd7 7. Nf3 Nc6 8. Ne5 Nxe5 9. dxe5 a6 10. exf6 exf6 11. Qxd5 Rd8 12. Qxd7+ Rxd7 13. Be2 Bb4 14. 0-0 0-0 15. e4 Bg6 16. f3 f5 17. e5 Rc8 18. Bf4 Bxc3 19. bxc3 f6 20. exf6 gxf6 21. Rfd1 Re7 22. Bf1 Rxc3 23. Rac1 Rxc1 24. Rxc1 Bf7 25. Bh6 Bxa2 26. Bc4+ Bxc4 27. Rxc4 Kf7 28. Kf2 Ke6 29. Bf4 Kd5 30. Rc7 Rxc7 31. Bxc7 b5 32. Bd8 Kc4 33. Ke3 Kc3 34. Bxf6+ Kc2 35. g4 fxg4 36. f4 b4 37. f5 b3 38. Be5 1-0

[Event "Omsk-ch"]
[Site "Omsk"]
[Date "2015.02.16"]
[Round "1"]
[White "Pisarev, Konstantin"]
[Black "Patrashov, Edisher"]
[Result "1-0"]
[WhiteElo "1983"]
[BlackElo "1756"]
[PlyCount "73"]
[EventDate "2015.02.16"]
[EventType "swiss"]
[EventRounds "9"]
[EventCountry "RUS"]
[SourceTitle "CBM 165 Extra"]
[Source "ChessBase"]
[SourceDate "2015.04.21"]
[SourceVersion "1"]
[SourceVersionDate "2015.04.21"]
[SourceQuality "1"]

1. d4 g6 2. e4 Bg7 3. Nc3 d6 4. Be3 Nc6 5. Bc4 e5 6. Nge2 Nf6 7. f3 Na5 8. Bb3 Nxb3 9. axb3 exd4 10. Nxd4 0-0 11. 0-0 a6 12. Qd2 Re8 13. Bg5 c6 14. Nde2 d5 15. exd5 Qb6+ 16. Kh1 Nxd5 17. Nxd5 cxd5 18. Nc3 d4 19. Ne4 Bf5 20. Ng3 Be6 21. Rfe1 d3 22. Qxd3 Bxb2 23. Rad1 f6 24. Be3 Qc7 25. c4 Be5 26. f4 Bxf4 27. Bxf4 Qxf4 28. Rf1 Qc7 29. Ne4 Red8 30. Nxf6+ Kh8 31. Qe4 Bf5 32. Qh4 Qg7 33. Rxd8+ Rxd8 34. Nxh7 g5 35. Nxg5+ Kg8 36. Ne6 Bxe6 37. Qxd8+ 1-0

[Event "Omsk op"]
[Site "Omsk"]
[Date "2013.09.18"]
[Round "9"]
[White "Pisarev, Konstantin"]
[Black "Adamson, Konstantin"]
[Result "0-1"]
[WhiteElo "1983"]
[BlackElo "2226"]
[PlyCount "70"]
[EventDate "2013.09.10"]
[EventType "swiss"]
[EventRounds "9"]
[EventCountry "RUS"]
[SourceTitle "CBM 156 Extra"]
[Source "ChessBase"]
[SourceDate "2013.10.22"]
[SourceVersion "1"]
[SourceVersionDate "2013.10.22"]
[SourceQuality "1"]

1. d4 Nf6 2. c4 c5 3. d5 e6 4. Nc3 exd5 5. cxd5 d6 6. e4 g6 7. Nf3 Bg7 8. Bd3 0-0 9. 0-0 a6 10. a4 Bg4 11. h3 Bxf3 12. Qxf3 Qe7 13. Bd2 Nbd7 14. Qe2 Rab8 15. f4 Ne8 16. Qf3 Nc7 17. a5 b5 18. axb6 Rxb6 19. Na4 Rbb8 20. Bc3 Nb5 21. Bxg7 Kxg7 22. Bxb5 axb5 23. Nc3 b4 24. Ne2 Qf6 25. Qg4 Nb6 26. b3 Ra8 27. Rab1 h5 28. Qf3 Ra2 29. g4 hxg4 30. Qxg4 Re8 31. f5 Nxd5 32. Ng3 Qd4+ 33. Kh1 Nf6 34. Qf4 Rh8 35. h4 Qd2 0-1

[Event "Omsk op"]
[Site "Omsk"]
[Date "2013.09.16"]
[Round "7"]
[White "Savostjanov, Igor"]
[Black "Pisarev, Konstantin"]
[Result "1-0"]
[WhiteElo "2093"]
[BlackElo "1983"]
[PlyCount "71"]
[EventDate "2013.09.10"]
[EventType "swiss"]
[EventRounds "9"]
[EventCountry "RUS"]
[SourceTitle "CBM 156 Extra"]
[Source "ChessBase"]
[SourceDate "2013.10.22"]
[SourceVersion "1"]
[SourceVersionDate "2013.10.22"]
[SourceQuality "1"]

1. f4 d5 2. Nf3 Nf6 3. g3 Bg4 4. Bg2 Bxf3 5. Bxf3 Nbd7 6. d4 e6 7. Nd2 c5 8. e3 Qb6 9. c3 Bd6 10. 0-0 0-0 11. Kg2 Rac8 12. g4 cxd4 13. cxd4 Qc6 14. g5 Ne4 15. Nxe4 dxe4 16. Be2 Qc2 17. Kg3 f6 18. Qxc2 Rxc2 19. Bd1 Rc7 20. h4 Kf7 21. Bd2 Ke7 22. Bb3 f5 23. Rac1 Rfc8 24. Rxc7 Rxc7 25. Rc1 Rxc1 26. Bxc1 Nb6 27. a3 Nd5 28. Kf2 b5 29. Bd2 Kd7 30. Ke2 a6 31. Kd1 g6 32. Kc1 Kc6 33. a4 bxa4 34. Bxa4+ Kc7 35. Ba5+ Kb8 36. Bd7 1-0